header

Quantum leap (Record no. 109043)

MARC details
000 -LEADER
fixed length control field 01213nam a2200325Ia 4500
082 04 - DEWEY DECIMAL CLASSIFICATION NUMBER
Classification number 658.5
100 1# - MAIN ENTRY--AUTHOR NAME
Personal name Gilliam, Dean,
245 10 - TITLE STATEMENT
Title Quantum leap
260 ## - PUBLICATION, DISTRIBUTION, ETC. (IMPRINT)
Place of publication Boca Raton, FL :
Name of publisher J. Ross Pub.,
Year of publication 2004.
300 ## - PHYSICAL DESCRIPTION
Number of Pages xxi, 265 p.
500 ## - GENERAL NOTE
General note Includes index.
650 #0 - SUBJECT ADDED ENTRY--TOPICAL TERM
Topical Term Just-in-time systems.
Topical Term Production control.
Topical Term Production management.
700 1# - ADDED ENTRY--PERSONAL NAME
Personal name Taylor-Jones, Steve.
856 40 - ELECTRONIC LOCATION AND ACCESS
Uniform Resource Identifier http://site.ebrary.com/lib/rucke/Doc?id=10124723

No items available.

© 2026 Rongo University
Contact us: librarian | system librarian | Rongo university